History Quiz - Axis & Central Powers - Statistics

General Stats
  • This quiz has been taken 37 times
  • The average score is 5 of 7
Answer Stats
Context Answer % Correct
When did WW2 end? 1945
97%
The first Führer of Germany Adolf Hitler
97%
In what year did the Berlin Wall fell? 1989
93%
The last German Emperor Wilhelm
76%
Prime Minister of Prussia in the 1860s Bismark
66%
The person who shot and killed the Archduke in 1914 Princip
59%
The first totalitarian state Italy
38%
No matching quizzes found
Score Distribution
Percent of People with Each Score
Percentile by Number Answered
Your Score History
You have not taken this quiz